000 00499nam a2200193Ia 4500
005 20250923144837.0
008 008 250917s9999 xx 000 0 eng d
037 _aTextual
040 _aDSWL
_beng
_cDSWL
041 _aeng
_2eng
084 _qDSWL
245 4 _aThe National Sample survey, No.64, September, 1957-May1958
260 _aDelhi
_bTheManager Pub. Civil
_c1962
300 _aiii,34p.
365 _aINR
_b1.05
925 _g1.05
942 _cTEXL
999 _c1444063
_d1444063